LEADER 01244nam0-2200385li-450 001 990000252670203316 005 20170912161056.0 010 $a0-471-17864-0 035 $a0025267 035 $aUSA010025267 035 $a(ALEPH)000025267USA01 035 $a0025267 100 $a2001998091997-------y0itay0103----ba 101 0 $aeng 102 $aUS 200 1 $aFractional graph theory$ea rational approach to the theory of graphs$fEdward R. Scheinerman, Daniel H. Ullman 210 $dNew York, John Wiley, copyr. 1997 215 $aXVII, 211 p.$cill.$d23 cm 610 1 $ateoria dei grafi 676 $a5115$9Teoria e costruzione dei grafi 700 1$aScheinerman,$bEdward R.$0262200 702 1$aUllman,$bDaniel H. 801 $aSistema bibliotecario di Ateneo dell' Università di Salerno$gRICA 912 $a990000252670203316 951 $a511.5 SCH (A)$b21244/CBS$c511.5 951 $a511.5 SCH (B)$b22273/CBS$c511.5$d00218872 959 $aBK 969 $aSCI 979 $c19980917 979 $c20001110$lUSA01$h1715 979 $c20020403$lUSA01$h1633 979 $aPATRY$b90$c20040406$lUSA01$h1618 979 $aRSIAV6$b90$c20090429$lUSA01$h1141 996 $aFractional graph theory$91476152 997 $aUNISA LEADER 03727oam 22008295 450 001 9910968811503321 005 20251116152236.0 010 $a9786610280612 010 $a1-280-28061-1 010 $a0-8213-6064-7 024 7 $a10.1596/978-0-8213-6063-7 035 $a(CKB)1000000000225145 035 $a(EBL)459435 035 $a(OCoLC)62727816 035 $a(SSID)ssj0000086434 035 $a(PQKBManifestationID)11972790 035 $a(PQKBTitleCode)TC0000086434 035 $a(PQKBWorkID)10026109 035 $a(PQKB)10193901 035 $a(SSID)ssj0000346487 035 $a(PQKBManifestationID)12116922 035 $a(PQKBTitleCode)TC0000346487 035 $a(PQKBWorkID)10327754 035 $a(PQKB)11554490 035 $a(MiAaPQ)EBC459435 035 $a(Au-PeEL)EBL459435 035 $a(CaPaEBR)ebr10103931 035 $a(CaONFJC)MIL28061 035 $a(OCoLC)936300894 035 $a(The World Bank)2005044619 035 $a(US-djbf)14096401 035 $a(EXLCZ)991000000000225145 100 $a20050902d2006 uf 0 101 0 $aeng 135 $aurcn||||||||| 181 $ctxt$2rdacontent 182 $cc$2rdamedia 183 $acr$2rdacarrier 200 00$aEconomic development and multilateral trade cooperation /$fedited by Simon J. Evenett and Bernard M. Hoekman 205 $a1st ed. 210 1$aWashington, DC :$cWorld Bank,$d[2006] 210 4$dcopyright 2006. 215 $axliv, 477 pages $cillustrations ;$d23 cm 225 0 $aTrade and development series 300 $a"A copublication of Palgrave Macmillan and the World Bank." 300 $a"Most of the chapters ... were initially prepared for the 2003 World Trade Forum conference organized by the World Trade Institute (Berne, Switzerland) and the Development Research Group of the World Bank"--P. xiii. 311 08$a0-8213-6375-1 311 08$a0-8213-6063-9 320 $aIncludes bibliographical references and index. 327 $aContents; Acknowledgments; Contributors; Abbreviations; Introduction and Overview; Part I POLITICAL ECONOMY OF MARKET ACCESS; Tables; Figures; Boxes; Part II DEVELOPMENT AND THE TRADE REGIME; Part III RULES AND ENFORCEMENT; Part IV ISSUE LINKAGES; INDEX 330 $a"This is a critical period for the WTO and for realizing the potential of trade as a driver of growth and poverty reduction. It is time for good intentions to be translated into solid multilateral agreements that promote development, and it is high time that the rich countries tore down their barriers. But trade agreements by themselves cannot guarantee growth and poverty reduction: aid for trade and internal reforms are needed too. On all this, detail matters and trade agreements are complex. This book provides an up-to-date, clear, and thoughtful analysis of these crucial issues. It should b 410 0$aWorld Bank e-Library. 517 3 $aEconomic development & multilateral trade cooperation 606 $aEconomic development$vCongresses 606 $aEconomic policy$vCongresses 606 $aInternational economic relations$vCongresses 607 $aDeveloping countries$xEconomic conditions$vCongresses 607 $aDeveloping countries$xEconomic policy$vCongresses 615 0$aEconomic development 615 0$aEconomic policy 615 0$aInternational economic relations 676 $a382/.92 701 $aEvenett$b Simon J$01870261 701 $aHoekman$b Bernard M.$f1959-$0126371 712 12$aWorld Trade Forum. 801 0$bDLC 801 1$bDLC 801 2$bDLC 906 $aBOOK 912 $a9910968811503321 996 $aEconomic development and multilateral trade cooperation$94552572 997 $aUNINA LEADER 00889nlm 2200289uu 450 001 996713705003316 005 20260318114701.0 100 $a20720420d1960---- uy 0 101 0 $aeng 102 $aUS 135 $adrcnu 200 1 $aNarrative of the life of Frederick Douglass$ean American slave$fwritten by himself$gedited by Benjamin Quarles 210 1 $aCambridge, Mass.$cBelknap Press$d1960 215 $aTesto elettronico (PDF) (XXVI, 163 p.) 225 2 $aJohn Harvard library 230 $aBase dati testuale 410 0$aJohn Harvard library. 606 0 $aSchiavitù$zMaryland$2BNCF 676 $a326.92 700 1$aDOUGLASS,$bFrederick$f1818-1895.$0243304 702 1$aQUARLES,$bBenjamin 801 0$aIT$bcba$cREICAT 912 $a996713705003316 959 $aEB 969 $aER 996 $aNarrative of the Life of Frederick Douglass$92040348 997 $aUNISA